WWE Royal Rumble - Qui a éliminé Randy Orton ? - Statistiques

Statistiques générales
  • Ce quiz a été pris 528 fois
    64 depuis la dernière actualisation
  • Le résultat moyen est 8 sur 12
Statistiques - réponses
Rumble Éliminé par % Correct
2018 Roman Reigns
96%
2020 Edge
89%
2021 Edge
89%
2022 Brock Lesnar
88%
2006 Rey Mysterio
88%
2011 Alberto del Rio
72%
2026 Gunther
70%
2007 Shawn Michaels
70%
2012 Chris Jericho
61%
2013 Ryback
37%
2019 Andrade
21%
2004 Mick Foley
19%
Aucun quiz correspondant
Distribution des résultats
% des personnes avec chaque résultat
Percentile par nombre de réponses
Votre historique - résultats
Vous n’avez pas pris ce quiz depuis la dernière actualisation